Implementácia požiadaviek regionálneho trhu práce do ekonomického vzdelávania (so zameraním sa na obchodné akadémie v SR)
Informácia o predbežných výsledkoch prvej fázy projektu ESF, ktorý rieši Katedra pedagogiky NHF Ekonomickej univerzity v Bratislave. Analýza požiadaviek regionálnych zamestnávateľov na absolventov obchodných akadémií je východiskom pre inováciu pedagogickej dokumentácie. Cieľom projektu je implement...
Enregistré dans:
| Auteur principal: | |
|---|---|
| Autres auteurs: | |
| Format: | Chapitre de livre |
| Langue: | slovaque |
| Sujets: | |
| Tags: |
Pas de tags, Soyez le premier à ajouter un tag!
|
MARC
| LEADER | 00000nla$a2200000$$$4500 | ||
|---|---|---|---|
| 001 | 0067115 | ||
| 005 | 20240502071813.4 | ||
| 041 | 0 | |a slo | |
| 044 | |a SK | ||
| 245 | 1 | 0 | |a Implementácia požiadaviek regionálneho trhu práce do ekonomického vzdelávania (so zameraním sa na obchodné akadémie v SR) |c Jarmila Buchová, Ľudmila Velichová |
| 520 | |a Informácia o predbežných výsledkoch prvej fázy projektu ESF, ktorý rieši Katedra pedagogiky NHF Ekonomickej univerzity v Bratislave. Analýza požiadaviek regionálnych zamestnávateľov na absolventov obchodných akadémií je východiskom pre inováciu pedagogickej dokumentácie. Cieľom projektu je implementácia týchto požiadaviek do obsahu, metód a prostriedkov ekonomického vzdelávania. | ||
| 610 | 2 | 0 | |a vzdelávanie |
| 610 | 2 | 0 | |a kvalifikácia |
| 610 | 2 | 0 | |a pedagogika |
| 610 | 2 | 0 | |a trh práce |
| 610 | 2 | 0 | |a učitelia |
| 610 | 2 | 0 | |a absolventi |
| 610 | 2 | 0 | |a predmety učebné |
| 100 | 1 | |a Buchová, Jarmila | |
| 700 | 1 | |a Velichová, Ľudmila | |